NFL Starting Quarterbacks - Statistics

General Stats
  • This quiz has been taken 20 times
  • The average score is 23 of 32
Answer Stats
Team QB % Correct
Chiefs Patrick Mahomes
100%
Bills Josh Allen
94%
Ravens Lamar Jackson
94%
Dolphins Tua Tagovailoa
94%
Cowboys Dak Prescott
88%
Bengals Joe Burrow
88%
Rams Matthew Stafford
88%
Broncos Russell Wilson
88%
Jaguars Trevor Lawrence
88%
Jets Aaron Rodgers
82%
49ers Brock Purdy
82%
Bears Justin Fields
82%
Chargers Justin Herbert
82%
Buccaneers Baker Mayfield
76%
Texans CJ Stroud
76%
Lions Jared Goff
76%
Vikings Kirk Cousins
76%
Cardinals Kyler Murray
76%
Giants Daniel Jones
71%
Saints Derek Carr
71%
Browns Deshaun Watson
71%
Seahawks Geno Smith
71%
Packers Jordan Love
71%
Steelers Kenny Pickett
71%
Panthers Bryce Young
65%
Raiders Jimmy Garoppolo
59%
Colts Anthony Richardson
53%
Commanders Sam Howell
53%
Titans Will Levis
53%
Falcons Desmond Ridder
41%
Patriots Bailey Zappe
24%
Eagles Jalen Hirts
6%
No matching quizzes found
Score Distribution
Percent of People with Each Score
Percentile by Number Answered
Your Score History
You have not taken this quiz